header

Doctoring the novel (Record no. 135243)

MARC details
000 -LEADER
fixed length control field 01370nam a2200337Ia 4500
082 04 - DEWEY DECIMAL CLASSIFICATION NUMBER
Classification number 823/.92093561
100 1# - MAIN ENTRY--AUTHOR NAME
Personal name Pamboukian, Sylvia A.
245 10 - TITLE STATEMENT
Title Doctoring the novel
260 ## - PUBLICATION, DISTRIBUTION, ETC. (IMPRINT)
Place of publication Athens :
Name of publisher Ohio University Press,
Year of publication c2012.
300 ## - PHYSICAL DESCRIPTION
Number of Pages xiv, 207 p.
650 #0 - SUBJECT ADDED ENTRY--TOPICAL TERM
Topical Term English fiction
Topical Term Literature and medicine
Topical Term Quacks and quackery in literature.
Topical Term Physicians in literature.
856 40 - ELECTRONIC LOCATION AND ACCESS
Uniform Resource Identifier http://site.ebrary.com/lib/rucke/Doc?id=10539256

No items available.

© 2026 Rongo University
Contact us: librarian | system librarian | Rongo university